Poésie à trous : Heureux qui, comme Ulysse - Joachim du Bellay - Statistiques

Statistiques générales
  • Ce quiz a été pris 69 fois
  • Le résultat moyen est 9 sur 13
Statistiques - réponses
Poème Heureux qui, comme Ulysse, a fait un beau voyage % Correct
Heureux qui, comme Ulysse Fumer {la} {cheminée}, et en quelle saison
92%
Heureux qui, comme Ulysse Ou comme cestuy-là qui conquit {la} {toison},
90%
Heureux qui, comme Ulysse Quand reverrai-je, hélas, de mon {petit} {village}
90%
Heureux qui, comme Ulysse Reverrai-je le clos de ma pauvre {maison},
90%
Heureux qui, comme Ulysse Et puis est retourné, plein d’usage et {raison},
81%
Heureux qui, comme Ulysse Vivre entre {ses} {parents} le reste de son âge !
68%
Heureux qui, comme Ulysse Plus mon petit Liré, que le mont {Palatin},
64%
Heureux qui, comme Ulysse Plus me plaît le séjour qu’ont bâti {mes} {aïeux},
63%
Heureux qui, comme Ulysse Que des palais {Romains} le front audacieux,
51%
Heureux qui, comme Ulysse Et plus que {l}’{air} {marin} la douceur angevine.
47%
Heureux qui, comme Ulysse Qui m’est {une} {province}, et beaucoup davantage ?
46%
Heureux qui, comme Ulysse Plus que le {marbre} {dur} me plaît l’ardoise fine :
36%
Heureux qui, comme Ulysse Plus mon {Loire} gaulois, que le Tibre latin,
34%
Aucun quiz correspondant
Distribution des résultats
% des personnes avec chaque résultat
Percentile par nombre de réponses
Votre historique - résultats
Vous n’avez pas pris ce quiz